00543nam a22001812 4500001001100000005001700011008004100028020001700069040001500086100003600101245009600137250001300233260002600246300001600272650003900288700003100327852000300358000002050320151217145924.0110920s xx 000 0 eng d a0853697671 : aKABUcKABU1 aRandall, Michael D.@000018083710aDisease management :ba guide to clinical pharmacology /cMichael D Randall, Karen E. Neil. a1st ed. aLondon :bPhP,c2009. axx, 492 p. 0aClinical pharmacology.@00001794411 aNeil, Karen E.@00001808381